The fishes of North and Middle America: a descriptice catalogue of the species of fish like vertebrates found in the waters of North America, north of the isthmus of Panama
Сохранить в:
| Главные авторы: | , |
|---|---|
| Формат: | |
| Язык: | английский |
| Опубликовано: |
Washington, D.C
Smithsonian Institution
1963
|
| Серии: | Bulletin of the United States National Museum, 47
|
| Предметы: | |
| Метки: |
Добавить метку
Нет меток, Требуется 1-ая метка записи!
|
MARC
| LEADER | 00000nam a2200000 a 4500 | ||
|---|---|---|---|
| 001 | UCV5014 | ||
| 003 | CL-VaPUC | ||
| 008 | 920327e19630000US |||||||||||||||||eng|d | ||
| 082 | 0 | 4 | |a 597.092 |b JOR |2 21 |
| 100 | 0 | |a Jordan, David Starr |e author |9 299244 | |
| 700 | 0 | |a Evermann, Barton Warren |e author |9 299245 | |
| 245 | 1 | 4 | |a The fishes of North and Middle America: a descriptice catalogue of the species of fish like vertebrates found in the waters of North America, north of the isthmus of Panama |
| 300 | |a 4 v | ||
| 942 | |c BK | ||
| 945 | |d 19920327 00:00:00 | ||
| 260 | |a Washington, D.C |b Smithsonian Institution |c 1963 | ||
| 650 | 7 | |a PECES IDENTIFICACION |2 CL-VaPUC |9 261269 | |
| 650 | 7 | |a PECES DISTRIBUCION GEOGRAFICA |2 CL-VaPUC |9 261494 | |
| 583 | |a last modification |c 19920327 00:00:00 |k Rodrigo Vera | ||
| 490 | 0 | |a Bulletin of the United States National Museum, 47 | |
| 999 | |c 211624 |d 211622 | ||
| 952 | |0 0 |1 0 |2 ddc |4 0 |6 597_092000000000000_JOR_1963 |7 0 |8 P |9 191344 |a BIBCUR |b BIBCUR |c PAC |d 2019-11-14 |h v.2 |i 2589532 |o 597.092 JOR 1963 |p 2589532 |r 2025-04-22 |w 2019-11-14 |y BK |k CIM | ||